Catalog

Record Details

Catalog Search



The case for orthodox theology /  by Edward John Carnell Cover Image Book Book

The case for orthodox theology /  by Edward John Carnell

Carnell, Edward J. (Author).

Record details

  • Physical Description: 141 p.
  • Publisher: Philadelphia Westminster Press 1959

Available copies

  • 2 of 2 copies available at Common Catalog SPOK.

Holds

  • 0 current holds with 2 total copies.
Show Only Available Copies
Location Call Number / Copy Notes Barcode Shelving Location Status Due Date
ETS Library 230.04626 424470000268 Volný výběr Available -
ETS Library 230.04626 424470019246 Volný výběr Available -

LDR 00670nam a2 00229
00143494
003CZ-PrJAB
00520220303203945.0
008020117s1959 xxu e |||| |eng
009us
035 . ‡a(CONS)1260
035 . ‡aKPS1305
041 . ‡aeng
08214. ‡a230.04626
100 . ‡71479 ‡aCarnell, Edward J.
245 . ‡aThe case for orthodox theology /  ‡nby Edward John Carnell
260 . ‡aPhiladelphia ‡bWestminster Press ‡c1959
300 . ‡a141 p.
653 . ‡aThe case for orthodox theology
8524 . ‡bETS ‡bETS ‡cVolný výběr ‡j230.04626 ‡gA ‡p424470000268
8524 . ‡bETS ‡bETS ‡cVolný výběr ‡j230.04626 ‡gA ‡p424470000262
910 . ‡aABG450
999 . ‡a1260 ‡bAUTOGEN ‡c1260 ‡tbiblio
905 . ‡uadmin
901 . ‡a43494 ‡b ‡c43494 ‡tbiblio ‡sets

Additional Resources